Влияние интенсивной пластической деформации на структуру и свойства алюминий-магниевого сплава 1560; Современные технологии и материалы новых поколений

Bibliografiske detaljer
Parent link:Современные технологии и материалы новых поколений.— 2017.— [С. 68-69]
Institution som forfatter: Алтайский государственный аграрный университет
Andre forfattere: Красновейкин В. А., Скрипняк В. А., Козулин А. А., Ли Ю. В.
Summary:Заглавие с экрана
Sprog:russisk
Udgivet: 2017
Serier:Проблемы прочности, пластичности и усталостной долговечности современных конструкционных материалов
Fag:
Online adgang:http://earchive.tpu.ru/handle/11683/43775
Format: MixedMaterials Electronisk Book Chapter
KOHA link:https://koha.lib.tpu.ru/cgi-bin/koha/opac-detail.pl?biblionumber=624037

MARC

LEADER 00000naa2a2200000 4500
001 624037
005 20231101133307.0
035 |a (RuTPU)RU\TPU\conf\23232 
035 |a RU\TPU\conf\23231 
090 |a 624037 
100 |a 20171027d2017 k y0rusy50 ca 
101 0 |a rus  |e rus 
102 |a RU 
105 |a y z 101zy 
135 |a drgn ---uucaa 
181 0 |a i  
182 0 |a b 
200 1 |a Влияние интенсивной пластической деформации на структуру и свойства алюминий-магниевого сплава 1560  |f В. А. Красновейкин [и др.] 
203 |a Текст  |c электронный 
225 1 |a Проблемы прочности, пластичности и усталостной долговечности современных конструкционных материалов 
230 |a 1 компьютерный файл (pdf; 202 Кб) 
300 |a Заглавие с экрана 
320 |a [Библиогр.: с. 69 (7 назв.)] 
463 0 |0 (RuTPU)RU\TPU\conf\23187  |t Современные технологии и материалы новых поколений  |o сборник трудов Международной конференции с элементами научной школы для молодежи, г. Томск, 9-13 октября 2017 г.  |f Национальный исследовательский Томский политехнический университет (ТПУ) ; Российская академия наук (РАН), Сибирское отделение (СО), Институт физики прочности и материаловедения (ИФПМ)  |v [С. 68-69]  |d 2017 
610 1 |a электронный ресурс 
610 1 |a пластические деформации 
610 1 |a структура 
610 1 |a свойства 
610 1 |a ультрамелкозернистые сплавы 
610 1 |a сплавы алюминия 
610 1 |a легкие сплавы 
610 1 |a численное моделирование 
610 1 |a прессование 
610 1 |a упрочнение 
701 1 |a Красновейкин  |b В. А. 
701 1 |a Скрипняк  |b В. А. 
701 1 |a Козулин  |b А. А. 
701 1 |a Ли  |b Ю. В. 
712 0 2 |a Алтайский государственный аграрный университет 
801 2 |a RU  |b 63413507  |c 20171103  |g RCR 
856 4 |u http://earchive.tpu.ru/handle/11683/43775 
942 |c BK